TM players (trackmania - english version) - Statistics

General Stats
  • This quiz has been taken 156 times
  • The average score is 18 of 113
Answer Stats
Hint Answer % Correct
2012 World champion Spam
82%
THE WHEEL PLAYER GranaDy
72%
2006 World champion Carl
57%
Known for minimal risk Marius89
50%
Has been WR holder of all TM Turbo campaign maps riolu
49%
WR on A01 trabadia
49%
Have played orgless in TMGL tween / Rollin / ReVoLuTioN
46%
17,51$ cashprize at 13 years old Gwen
44%
Has won 13 maps in TMGL Winter 2021 Pac
41%
Gamers Assembly 2016 winner (Tech) Massa
40%
4 times World Champion runner up Tween
39%
Known to be 2nd in TTC Shorty
37%
TMNF speedrunner Wirtual
36%
Has won GA dirt 3 times Papou
34%
Skinner of the year 2020 Schumi
34%
evoN's previous nickname MarciN
31%
Professionnal poker player Sabre / Bergie / YoYo
31%
Legendary Trackmania caster frostBeule
30%
Hockolicious WR holder Lund
30%
2010 World Champion Bergie
26%
Kackiest Kacky 5 and 6 winner Simo
26%
Has won a tournament in a plane Cocow
25%
^_^ Hylis
23%
Has won the first ZRT Cup on stage JaviFlyer
23%
"I don't speak french I'm sorry" Kappa
23%
Nadeo Hunter from Middle East Raceta
23%
2011 World champion HakkiJr
22%
Biggest cashprize winner in Trackmania (20,000$) Sandder
22%
Latest captain of the France TM team link
21%
mouZ Onio
21%
Playoffs TMGL Winter 2021 but 0€ cashprize Affi
20%
PacJr Feed
20%
Theorycrafted many Nadeo cuts JaV
20%
Best laugh in the community Plastorex
20%
First player to be kicked out of TMGL during a season Sky
19%
OGL Winter 2021 season winner Dofault
18%
Mapper banned by Nadeo Table
18%
4 times in ZRT Cup semi final (never reached final) Badlulu
16%
TTC Founders Dino / Hotrod
16%
Handshake Kappa / Aurel
16%
Swedish best earnings in TM2020 Ninadore
16%
Esport Student Series winner (2019) Symbiose
16%
"Yo folks" L4Bomb4
15%
Expert black / E-corp Roa
15%
VSP/exalty Yannex
15%
Gaming WinterFest 2017/2019 winner Kappa
14%
Jumped off stairs Scrapie
14%
Lioncast/Nadeo Tona
14%
Haunted by OGL point system Worker
14%
2nd French Championship 2021 Binks
13%
Blackpink smurf Scrapie
13%
BREAKING NEWS Eirik Holdal
11%
Polish player qualified in TMGL Beta Maciey
11%
Has beaten Karjen in a TTC 1v1 Marmerladi
11%
eXes leader softyB
11%
"Affi is like the Walmart Gwen" Wirtual
11%
WRC professional player Jonno
10%
3rd ESWC 2013 Koenz
10%
Mr. Trackmania News Lauz
10%
Holds the most amount of Nadeo WRs in Nations ESWC Marvin
10%
"L'art de Trackmania" Plastorex
10%
Lioncast/eXes Aurel
9%
"L'homme aux 9 tentacules" Ayako
9%
TeamPAX/Solary/Oslo lions skins creator collor
9%
Swiss BX3 Loic
9%
Made it to OGL Winter 2021 combine without making it a single time to Challenger division Nixotica
9%
Danish player at The Nest 2 xxrider
9%
Has earned cashprize in the most amount of different tournaments (78) Aurel
8%
Tech scene Dramaqueens Bara / Milmy
8%
Canadian banned by Nadeo Elephant
8%
Manages Trackmania servers better than anyone else Jon
8%
"Craziest comeback in Trackmania so far" Koenz
8%
15 racehans
8%
The Nest #2 winner Racehans
8%
<<?????????????????????>> Aurel
7%
Defusekids/Pulse/riolu skins creator Aziix / Zyra
7%
Top 7 WC2018 Tech Bren
7%
"He tries it [...] he passes it!" (french cast) Bren
7%
2nd Spheriz cup 2019 hugo220
7%
Nosebug meister Lamartifice
7%
acer/aAa/PkD link
7%
Hardware destruction in LAN Nitro / Zycos / Hakki
7%
2nd FZTH duo Razer / DanikB
7%
elite/acer/expert black Royal
7%
Best RPG player of 2019 Tourist
7%
First TTC winner wally
7%
Rocket League World Champion and dedi 2 on TCSDreamlike Neqzo
6%
"Dead" ZRT Mapper Pishi / Eyohna
6%
Cookie's new pseudo Sapi
6%
2015 GA dirt winner Bepino
5%
Traditional Italian coffee Cap
5%
96pts/100 Gwen
4%
"Pad disconnected" (said in french) Haedra
4%
Stuck on a pudding during a ZRT cup Koenz
4%
GRITMACHINE557 Tricky
4%
ExotiK / Delta Vulnerra
4%
Winter 2021 campaign speedrun discovery winner Wosile
4%
Man of God znik
4%
Top 7 cashprize TM2020 without being in TMGL Ciremyxx
3%
"Surprisingly managed to" GranaDy
3%
First TM2020 randral mapper Niti
3%
4 ZRT Quarter finals in a row (never been in semi final) Akross
2%
Slides like nobody on Patin linéaire (ZRT map) Arthaniir
2%
Did not want to handshake Bren (Giant Cup) Dutchy
2%
diSPlay / MadCorps / orksGP / beGenius Mixmod
2%
Furax/nLt/cty Panda
2%
Was losing a 1v1 2-6 against Massa but won 7-6 Passi
2%
Old France team captain and known videomaker Snaky
2%
7 rounds finalist in ZRT Cup 1/4 finals Dofault
1%
LazY/ePunks hugo220
1%
"plus haut mec" Snow
1%
Has "left" the TM scene multiple times Silver
0%
Binks' mate at Gameward Cup #1 Tankrom
0%
No matching quizzes found
Score Distribution
Percent of People with Each Score
Percentile by Number Answered
Your Score History
You have not taken this quiz